| 000 | 00612nam a2200229Ia 4500 | ||
|---|---|---|---|
| 005 | 20250425162221.0 | ||
| 008 | 250425s9999 xx 000 0 und d | ||
| 020 | _a0750678305 | ||
| 041 | _aeng | ||
| 082 | _a621.3822 | ||
| 100 | _aKEHTARNAVAZ, NASSER | ||
| 245 | 0 | _aREAL-TIME DIGITAL SIGNAL PROCESSING: BASED ON THE TMS320C6000 | |
| 250 | _aS.E. | ||
| 260 | _aBURLINGTON | ||
| 260 |
_aEstados Unidos _bELSEVIER _c2005 |
||
| 300 | _a306 | ||
| 500 | _aINCLUYE 1 CD | ||
| 650 | _aPROCESADORES TMS320C6000 | ||
| 650 | _aPROCESAMIENTO DE SEÑALES-TECNICAS DIGITALES | ||
| 942 | _c01 | ||
| 010 | _a57385 | ||
| 999 |
_c224712 _d224712 |
||